000 00573nam a2200217Ia 4500
003 OSt
005 20220916110951.0
006 a|||||r|||| 00| 0
007 ta
008 Pun
024 _a42,680
037 _cTextbook
040 _bPun
_aARTS
_cARTS
041 _aPun
082 _aP153vN5, K8
100 _aਪਦਮ, ਪਿਆਰਾ ਸਿੰਘ
245 0 _aਗੁਰਮੁਖੀ ਲਿੱਪੀ ਦਾ ਇਤਿਹਾਸ
260 _c1968
942 _hP153vN5, K8
_cTB
_2CC
999 _c102453
_d102453